书目信息 |
| 题名: |
应用写作
|
|
| 作者: | 高瑞卿 主编 | |
| 分册: | ||
| 出版信息: | 北京 中央广播电视大学出版社 1993.10 |
|
| 页数: | 421页 | |
| 开本: | 20cm | |
| 丛书名: | ||
| 单 册: | ||
| 中图分类: | H152.3 | |
| 科图分类: | 41.2383 | |
| 主题词: | 应用文-写作 , 写作-应用文 | |
| 电子资源: | ||
| ISBN: | 7-304-00880-6 | |
| 000 | 00835nam0 2200265 45 | |
| 001 | 0194005052 | |
| 005 | 20070708092053.42 | |
| 010 | @a7-304-00880-6@dCNY8.70 | |
| 100 | @a19940204d1993 em y0chiy0121 ea | |
| 101 | 0 | @achi |
| 102 | @aCN@b110000 | |
| 105 | @ay z 000yy | |
| 200 | 10 | @a应用写作@AYING YONG XIE ZUO@f高瑞卿主编@FGAO RUI QING ZHU BIAN |
| 210 | @a北京@c中央广播电视大学出版社@d1993.10@h1994 | |
| 215 | @a421页@d20cm | |
| 314 | @a高瑞卿,东北师范大学任教 | |
| 330 | @a介绍了公文、事务文书、学术论文、科研应用文、传志、书信、读书笔记、演讲稿、应试作文的写作方法。 | |
| 540 | 1 | @a应用 写作@AYING YONG XIE ZUO |
| 606 | @a应用文-写作 | |
| 606 | @a写作-应用文 | |
| 690 | @aH152.3@v三版 | |
| 692 | @a41.2383 | |
| 701 | 0 | @a高瑞卿@AGAO RUI QING@4主编 |
| 801 | 0 | @aCN@bTSSF@c20070708 |
| 905 | @a10447@dH152.3@e407 | |
| 应用写作/高瑞卿主编.-北京:中央广播电视大学出版社,1993.10(1994) |
| 421页;20cm |
| ISBN 7-304-00880-6:CNY8.70 |
| 介绍了公文、事务文书、学术论文、科研应用文、传志、书信、读书笔记、演讲稿、应试作文的写作方法。 |
| ● |
| 相关链接 |
|
|
|
|
正题名:应用写作
索取号:H152.3/407
 
预约/预借
| 序号 | 登录号 | 条形码 | 馆藏地/架位号 | 状态 | 备注 |
| 1 | 0766592 | 207665926 | 第二样本阅览室/ [索取号:H152.3/407] | 在馆 |